000 01246nam a2200337 i 4500
003 DO-SdBNP
005 20251016134755.0
007 ta
008 110404s2003 dr 000 0 spa d
040 _aDO-SdBNP
_bspa
_cBNPHU
_erda
041 _aspa
082 4 _a342.729302
_bR426c 2003
_222
110 1 _aRepública Dominicana.
_9447
_bConstitución
240 1 0 _aleyes
245 1 0 _aConstitución de la República Dominicana ;
_bLey electoral Nº. 275/97 y modificaciones. Reglamento interno JCE
264 1 _aSanto Domingo :
_bJunta Central Electoral,
_c2003.
300 _a220 páginas ;
_c20 cm.
336 _atexto
_btxt
_2rdacontent
337 _asin mediación
_bn
_2rdamedia
338 _avolumen
_bnc
_2rdacarrier
590 _aInventariado, 2025/BT
650 4 _aElecciones
_xLegislación
_zRepública Dominicana
_9412
650 4 _aLeyes
_zRepública Dominicana
_93033
651 4 _aRepública Dominicana
_xConstitución (2002)
_910514
651 4 _aRepública Dominicana
_xDerecho constitucional
_99303
651 4 _aRepública Dominicana
_xLey 275-97
_954781
710 1 _aRepública Dominicana.
_bJunta Central Electoral
_964605
740 1 2 _aLey electoral no. 275/97 y modificaciones
910 _aBtavárez
942 _2ddc
_cLBS1
999 _c59969
_d59969